La historia o la lectura del tiempo
Uloženo v:
| Hlavní autor: | |
|---|---|
| Médium: | Kniha |
| Jazyk: | španělština |
| Vydáno: |
Barcelona
Gedisa
2007
|
| Vydání: | 1a. ed |
| Edice: | Visión 3x
|
| Témata: | |
| Tagy: |
Přidat tag
Žádné tagy, Buďte první, kdo vytvoří štítek k tomuto záznamu!
|
MARC
| LEADER | 00000cam a2200000 a 4500 | ||
|---|---|---|---|
| 001 | UCI5929 | ||
| 003 | CL-VaPUC | ||
| 008 | 080411e20070000SP |||||||||||||||||spa|d | ||
| 020 | |a 9788497842365 | ||
| 082 | 0 | 4 | |a 901 |b CHA |2 21 |
| 100 | 0 | |a Chartier, Roger |e author |9 528587 | |
| 245 | 1 | 3 | |a La historia o la lectura del tiempo |
| 250 | |a 1a. ed | ||
| 300 | |a 93 p | ||
| 942 | |c BK | ||
| 945 | |d 20080411 00:00:00 |a jtorresc | ||
| 260 | |a Barcelona |b Gedisa |c 2007 | ||
| 650 | 0 | |a Historiografía |9 257871 | |
| 650 | 0 | |a Filosofía de la historia |9 265651 | |
| 583 | |a last modification |c 20131018 07:29:36 |k Rodrigo Vera | ||
| 490 | 0 | |a Visión 3x | |
| 999 | |c 329569 |d 329567 | ||
| 952 | |0 0 |1 0 |4 0 |6 901_000000000000000_CHA_2007 |7 0 |8 A |9 414467 |a BIBHIS |b BIBHIS |d 2019-11-22 |i 4427181 |l 1 |o 901 CHA 2007 |p 4427181 |r 2025-01-20 |s 2024-04-11 |w 2019-11-22 |y BK |k HIS | ||
| 952 | |0 0 |1 0 |4 0 |6 901_000000000000000_CHA_2007 |7 0 |8 A |9 414468 |a BIBHIS |b BIBHIS |d 2019-11-22 |i 448598K |l 3 |o 901 CHA 2007 |p 448598K |r 2025-01-20 |s 2024-03-27 |w 2019-11-22 |y BK |k HIS | ||
| 952 | |0 0 |1 0 |4 0 |6 901_000000000000000_CHA_2007 |7 0 |8 A |9 414469 |a BIBHIS |b BIBHIS |d 2019-11-22 |i 4589246 |l 5 |o 901 CHA 2007 |p 4589246 |r 2025-01-20 |s 2020-10-06 |w 2019-11-22 |y BK |k HIS | ||
| 952 | |0 0 |1 0 |4 0 |6 901_000000000000000_CHA_2007 |7 0 |8 A |9 414470 |a BIBHIS |b BIBHIS |d 2019-11-22 |i 4606388 |l 2 |o 901 CHA 2007 |p 4606388 |r 2025-01-20 |s 2024-03-20 |w 2019-11-22 |y BK |k HIS | ||
| 952 | |0 0 |1 0 |3 erb |4 0 |6 901_000000000000000_CHA_2007 |7 0 |8 A |9 414471 |a BIBEDU |b BIBEDU |d 2019-11-22 |i 5019176 |o 901 CHA 2007 |p 5019176 |r 2019-11-22 |w 2019-11-22 |y BK |z Catalogado en:20131018 |k PSI | ||